01407nam a2200277 a 450000100100000000500170001000800410002702000180006804000250008608200220011110000450013324500510017826000390022930000200026850000560028859000260034465000270037065000310039791000370042895201340046595201340059995201340073395201200086795201250098799900170111200003770020240530073921.0121115s2012 dr 000 f spa d a9789945068658 aDO-SdBNPbspacBNPHU aRD863.44bV443jef1 aVeloz Maggiolo, Marcio,d1936-20219110413aEl jefe iba descalzo /cMarcio Veloz Maggiolo. aSanto Domingo :bSantuario,c2012. a63 p. ;c23 cm. aIncluye datos biográficos del autor en las solapa aInventariado, 2020/VM 0aNovela dominicana9223 0aLiteratura dominicana.967 aValidado. Control de calidad MFF 001054708DSaGRbGRcHDd2013-06-03iLF1l0oRD863.44 V443jefp37700-30r2020-06-25te.3w2020-06-25yLFDSZPréstamo en sala 001054708DSaGRbGRcHDd2015-01-30iLF1l0oRD863.44 V443jefp37700-40r2020-06-25te.4w2020-06-25yLFDSZPréstamo en sala 001054708DSaGRbGRcHDd2015-01-30iLF1l0oRD863.44 V443jefp37700-50r2020-06-25te.5w2020-06-25yLFDSZPréstamo en sala 0010718PDaPDbPDcHDd2013-06-03iLF1l0oRD863.44 V443jefp37700-10r2020-06-25w2020-06-25yLFPDZNo se presta 0010718PDaPDbPDcHDd2013-06-03iLF1l0oRD863.44 V443jefp37700-20r2020-06-25te.2w2020-06-25yLFPDZNo se presta c37190d37190